[Event "TICF 2024"]
[Site "Famalicao"]
[Date "2024.07.25"]
[Round "4.12"]
[White "Rodrigo, Ribeiro"]
[Black "Fonseca, Pedro"]
[Result "1-0"]
[BlackElo "1845"]
[WhiteElo "2196"]
[LiveChessVersion "1.4.8"]

1. d4 {[%clk 1:30:59]} Nf6 {[%clk 1:31:00]} 2. c4 {[%clk 1:31:25]} a6
{[%clk 1:31:29]} 3. Bf4 {[%clk 1:28:13]} e6 {[%clk 1:29:14]} 4. Nf3
{[%clk 1:19:50]} d5 {[%clk 1:22:40]} 5. Nc3 {[%clk 1:13:05]} dxc4
{[%clk 1:14:43]} 6. Qa4+ {[%clk 1:12:18]} b5 {[%clk 1:09:25]} 7. Qc2
{[%clk 1:07:55]} Bb7 {[%clk 0:57:55]} 8. e3 {[%clk 1:06:26]} Bxf3
{[%clk 0:52:53]} 9. gxf3 {[%clk 1:06:48]} Nh5 {[%clk 0:44:30]} 10. Qe4
{[%clk 1:04:32]} Ra7 {[%clk 0:42:36]} 11. Be5 {[%clk 1:01:41]} Nd7
{[%clk 0:35:41]} 12. Qc6 {[%clk 0:54:50]} Qb8 {[%clk 0:32:48]} 13. a4
{[%clk 0:38:23]} Bb4 {[%clk 0:30:21]} 14. Be2 {[%clk 0:32:57]} Nhf6
{[%clk 0:29:18]} 15. Bxf6 {[%clk 0:28:25]} gxf6 {[%clk 0:29:46]} 16. axb5
{[%clk 0:26:11]} axb5 {[%clk 0:29:51]} 17. O-O {[%clk 0:26:37]} Bxc3
{[%clk 0:29:14]} 18. bxc3 {[%clk 0:27:05]} Qb7 {[%clk 0:28:39]} 19. Qxb7
{[%clk 0:26:22]} Rxb7 {[%clk 0:29:08]} 20. Ra8+ {[%clk 0:26:47]} Rb8
{[%clk 0:29:21]} 21. Rxb8+ {[%clk 0:27:01]} Nxb8 {[%clk 0:29:49]} 22. Rb1
{[%clk 0:27:27]} c6 {[%clk 0:30:03]} 23. Bxc4 {[%clk 0:27:51]} Nd7
{[%clk 0:29:58]} 24. Bd3 {[%clk 0:28:11]} Ke7 {[%clk 0:29:36]} 25. Ra1
{[%clk 0:27:14]} f5 {[%clk 0:27:48]} 26. Ra6 {[%clk 0:26:52]} Rc8
{[%clk 0:28:16]} 27. Kg2 {[%clk 0:26:12]} Kd8 {[%clk 0:25:00]} 28. Ra7
{[%clk 0:25:10]} Ke8 {[%clk 0:23:00]} 29. e4 {[%clk 0:22:15]} fxe4
{[%clk 0:21:50]} 30. fxe4 {[%clk 0:22:31]} Nb6 {[%clk 0:21:04]} 31. Ra6
{[%clk 0:21:33]} Nd7 {[%clk 0:18:14]} 32. Kf3 {[%clk 0:19:08]} e5
{[%clk 0:17:25]} 33. Kg4 {[%clk 0:18:06]} exd4 {[%clk 0:16:35]} 34. cxd4
{[%clk 0:18:29]} Rc7 {[%clk 0:14:43]} 35. f4 {[%clk 0:17:36]} Kf8
{[%clk 0:13:23]} 36. e5 {[%clk 0:15:45]} Kg7 {[%clk 0:11:48]} 37. Be4
{[%clk 0:11:32]} c5 {[%clk 0:10:37]} 38. d5 {[%clk 0:11:59]} c4 {[%clk 0:10:34]}
39. d6 {[%clk 0:12:27]} Rc8 {[%clk 0:10:18]} 40. Ra7 {[%clk 0:11:53]} Rd8
{[%clk 0:08:56]} 41. Bc6 {[%clk 0:10:32]} c3 {[%clk 0:07:02]} 42. Bxd7
{[%clk 0:07:39]} c2 {[%clk 0:06:57]} 43. Rc7 {[%clk 0:08:07]} Rxd7
{[%clk 0:07:04]} 44. Rxc2 {[%clk 0:08:36]} b4 {[%clk 0:06:25]} 45. Rc7
{[%clk 0:08:42]} Rd8 {[%clk 0:06:54]} 46. Rb7 {[%clk 0:09:08]} Kg6
{[%clk 0:06:35]} 47. Rxb4 {[%clk 0:07:37]} f6 {[%clk 0:06:49]} 48. Rd4
{[%clk 0:07:07]} h5+ {[%clk 0:07:01]} 49. Kh4 {[%clk 0:06:37]} Kf5
{[%clk 0:06:45]} 50. exf6 {[%clk 0:06:39]} Kxf6 {[%clk 0:06:53]} 51. Kxh5
{[%clk 0:06:17]} Ke6 {[%clk 0:06:38]} 52. d7 {[%clk 0:06:19]} Kf5
{[%clk 0:06:35]} 53. Kh4 {[%clk 0:06:44]} Kg6 {[%clk 0:06:52]} 54. Kg4
{[%clk 0:06:56]} Kf6 {[%clk 0:04:59]} 55. Kf3 {[%clk 0:07:16]} Kf5
{[%clk 0:05:18]} 56. Ke3 {[%clk 0:07:22]} Kf6 {[%clk 0:05:24]} 57. Kd3
{[%clk 0:07:49]} Kf5 {[%clk 0:05:09]} 58. Kc4 {[%clk 0:08:15]} Kg4
{[%clk 0:05:32]} 59. Kc5 {[%clk 0:08:40]} Kh3 {[%clk 0:05:57]} 60. Kc6
{[%clk 0:08:59]} 1-0